[Event "ROM-ch U12 Girls"]
[Site "Calimanesti"]
[Date "2018.03.28"]
[Round "2"]
[White "Costea, Ana Maria Teodora"]
[Black "Ene, Bianca Maria"]
[Result "1-0"]
[WhiteElo "1081"]
[BlackElo "1001"]
[PlyCount "37"]
[EventDate "2018.03.27"]
[EventType "swiss"]
[EventRounds "9"]
[EventCountry "ROU"]
[SourceTitle "CBM 183 Extra"]
[Source "ChessBase"]
[SourceDate "2018.04.19"]
[SourceVersion "1"]
[SourceVersionDate "2018.04.19"]
[SourceQuality "1"]

1. e4 e5 2. Nf3 Nc6 3. Nc3 Nf6 4. Bb5 Bc5 5. Bxc6 dxc6 6. Nxe5 Bd4 7. Nf3 Bg4 8. h3 Bxf3 9. Qxf3 Qe7 10. 0-0 Bxc3 11. bxc3 Nxe4 12. Re1 0-0-0 13. Rxe4 Qd6 14. d3 Rhe8 15. Bf4 Qd5 16. Rae1 Rf8 17. Qg4+ f5 18. Qxg7 fxe4 19. Qxc7# 1-0